| 000 | 00516nam a2200181Ia 4500 | ||
|---|---|---|---|
| 001 | 23716 | ||
| 005 | 20260414150955.0 | ||
| 008 | 260414t2019||||xx |||||||||||||| ||spa|| | ||
| 041 | _aESP | ||
| 082 |
_a693.852 _bA79 |
||
| 100 |
_aAschheim, Mark _eAUT |
||
| 245 | 0 |
_aDesign of reinforced concrete buildings for seismic performance : _bpractical deterministic and probabilistic approaches |
|
| 260 | _c2019 | ||
| 300 |
_axxi, 576 páginas : _c26 cm. |
||
| 650 | _a0 | ||
| 654 | _aCIC | ||
| 942 |
_cLIB _dJUS _fJUS _2ddc _n |
||
| 999 |
_c23716 _d23716 |
||